000 00471nam a2200157Ia 4500
005 20250108050359.0
008 240331s9999 xx 000 0 und d
020 _a0706949595
082 _bASI
_a950
245 0 _aAsian panorama :
_bessays in Asian history , past and present
260 _aNew Delhi
_bVikas Publishing House Pvt Ltd
_c1990
300 _aViii, 570 p .,
500 _aEssays in Asian History, Past and Present
700 _aDe Silva,K.M.
_eedt
942 _cL
999 _c3503
_d3503